000 00548nam a22001577a 4500
999 _c59562
_d59562
005 20230315113722.0
008 230315s1994 enk||||| |||| 00| 0 eng d
041 _aeng
080 _a321.7(73) B-29
245 _aBasic Readings in U.S. Democracy /
_c by edited by Melvin I. Urofsky.
264 _aWashington :
_bUnited States Information Agency,
_c1994.
300 _a430 p.;
_b23 cm.
653 _aამერიკული დემოკრატია
700 _aUrofsky, Melvin I.
_eრედაქტორი
_917212
942 _2udc
_cBK